| 000 | 00595nam a2200229Ia 4500 | ||
|---|---|---|---|
| 003 | OSt | ||
| 005 | 20220918221258.0 | ||
| 006 | a|||||r|||| 00| 0 | ||
| 007 | ta | ||
| 008 | 220917b |||||||| |||| 00| 0 eng d | ||
| 024 | _a149,123 | ||
| 037 | _cTextual | ||
| 040 |
_aARTS _cARTS _beng |
||
| 041 |
_2eng _aeng |
||
| 082 | _aT:8:S, K7 | ||
| 100 |
_aLane Willard E _9139870 |
||
| 245 | 0 |
_aFoundations of educational administration _b a behavioral analysis |
|
| 260 | _c1967 | ||
| 650 | _aEDUCATION | ||
| 942 |
_hT:8:S, K7 _cTEXL _2CC |
||
| 999 |
_c271797 _d271797 |
||